000 01014nam a2200229Ii 4500
003 JO-AjNU
008 230605s9999||||xx |||||||||||||| ||und||
017 _a2016/1/434
020 _a978-9957-616-24-3
040 _aJO-AjNU
_bara
_erda
_cJO-AjNU
041 _aara
050 1 4 _aK3238.D853.2017
100 3 _aالدليمي، عباس فاضل,
_eauthor
_961566
245 0 0 _aالموسوعة الميسرة في حقوق الانسان: تكملة الحق في التنمية-الحق في تقرير المصير-الحق في منع التمييز العنصري-جرائم الحرب والجرائم ضد الانسانية، ج13
250 _aط1
264 3 1 _aعمان: دار صفاء للنشر والتوزيع، 2017
300 _aج13، 320ص
336 _atext
_btxt
_2rdacontent
337 _aunmediated
_bn
_2rdamedia
338 _avolume
_bnc
_2rdacarrier
650 4 _aحقوق الانسان-جرائم الحرب-حقوق المراة-حقوق اللاجيئين- الارهاب
_961567
999 _aA27835
_c31403
_d31403